000 00923pam a2200277 a 4500
001 2052524
005 20180214055305.0
008 931005s1994 nyua j b 001 0 eng
010 _a 93039769
020 _a0195083253 (acidfree paper)
020 _a0195088301 (ser. : acidfree paper)
040 _aDLC
_cDLC
_dDLC
041 _aeng
042 _alcac
043 _an-us---
080 _a305.420973 WIL
082 0 0 _a305.420973 WIL
_220
100 1 _a16
101 _aHIS
245 1 4 _aThe road to equality :
_cWilliam H. Chafe.
246 3 0 _aAmerican women since 1962
504 _aIncludes bibliographical references (p. 137-139) and index.
906 _a7
_bcbc
_corignew
_d1
_eocip
_f19
_gy-gencatlg
942 _2ddc
_cBK
999 _c42490
_d42490